Kail panjang sejengkal

Bibliographic Details
Main Author: A. Samad Ismail
Format: Book
Published: Kuala Lumpur : Creative Enterprise , 1994

MARC

LEADER 00000cam a2200000 7i4500
001 0000001918
002 000002083
005 20010320.0
020 |a 9838931292 
090 0 0 |a F   |b ASA 
100 0 |a A. Samad Ismail 
245 1 0 |a Kail panjang sejengkal   |c A.Samad Ismail 
260 |a Kuala Lumpur :   |b Creative Enterprise ,   |c 1994 
300 |a 213p. ;   |c 18cm. 
999 |a 035031   |b BUKU   |c FICTION   |e PERPUSTAKAAN KOMUNITI PETALING JAYA 
999 |a 035032   |b BUKU   |c PINJAMAN   |e PERPUSTAKAAN KOMUNITI PETALING JAYA 
999 |a 044702   |b BUKU   |c FICTION   |e PERPUSTAKAAN KOMUNITI CAW KOTA DAMANSARA 
999 |a 099066   |b BUKU   |c FICTION   |e PERPUSTAKAAN KOMUNITI PETALING JAYA 
999 |a 099067   |b BUKU   |c FICTION   |e PERPUSTAKAAN KOMUNITI PETALING JAYA 
999 |a 099068   |b BUKU   |c FICTION   |e PERPUSTAKAAN KOMUNITI PETALING JAYA